| 000 | 00504nam a2200157Ia 4500 | ||
|---|---|---|---|
| 008 | 210716s1991 xx 000 0 und d | ||
| 020 | _a1560520183 | ||
| 041 | _aeng | ||
| 082 | _a658.3222 HAYM | ||
| 100 | _aHaynes, Marion E. | ||
| 245 |
_aPractical time managememt: how to make the most of your most perishable resource. _bHow to make the most of your most perishable resource. |
||
| 250 | _a1 | ||
| 260 |
_aCalifornia _bCrisp Publications _c1991 |
||
| 300 | _aix,122 | ||
| 650 | _aGeneral Management | ||
| 999 |
_c201214 _d201214 |
||